004980000a220008500045001000026000002450068000263000048000945200225001427730045003671 aSilva Romero, Ricardo10aBambi contra Godzilla : Nuevo libro y película de David Mamet aVol.0, núm.18 ( Marzo, 2007), Página 32 aEl fundador de la respetada Atlantic Theatre Company, el admirado director de cine, el contestatario escritor, todo eso es David Mamet, quien en su último libro arrasa. ¿Y quién dijo que ser artista es vivir pobre?0 tArcadia / Andrés Felipe Solano, Editor